[Event "Montreal Mercredi 02"]
[Site "Montreal CAN"]
[Date "2017.02.15"]
[Round "1"]
[White "Huang, Qiuyu"]
[Black "Tremblay, Alain"]
[Result "1/2-1/2"]
[WhiteElo "2190"]
[BlackElo "2218"]
[WhiteFideId "-1"]
[WhiteFideId "-1"]
[PlyCount "108"]
[GameId "2160767908478497"]
[EventDate "2017.02.15"]
[EventType "swiss"]
[EventRounds "5"]
[EventCountry "CAN"]
[SourceTitle "EXT 2022"]
[Source "ChessBase"]
[SourceDate "2021.10.06"]
[SourceVersion "1"]
[SourceVersionDate "2021.10.06"]
[SourceQuality "1"]

1. e4 e5 2. Nf3 Nc6 3. Bc4 Be7 4. d3 Nf6 5. O-O O-O 6. Re1 d6 7. a4 Na5 8. Ba2 c5 9. Nbd2 Bd7 10. c3 Ne8 11. d4 Qc7 12. b4 cxb4 13. cxb4 Nc6 14. b5 Nxd4 15. Nxd4 exd4 16. Bb2 Bf6 17. Rc1 Qd8 18. Nf3 a6 19. Bc4 axb5 20. axb5 Nc7 21. Qe2 Ne6 22. Bxe6 fxe6 23. Bxd4 e5 24. Be3 Qe8 25. Rb1 Ra5 26. Qc4+ Kh8 27. Qc7 Rxb5 28. Rxb5 Bxb5 29. Qxb7 Bc6 30. Qb4 d5 31. Bc5 Rg8 32. exd5 Bxd5 33. Nd2 Qa8 34. f3 Rb8 35. Qg4 Qa5 36. Be3 h6 37. Rc1 Qa6 38. Ne4 Bxe4 39. Qxe4 Qe2 40. h3 Rd8 41. Kh2 Qd3 42. Rc4 Qxe4 43. Rxe4 Kh7 44. h4 Kg6 45. Kh3 Rc8 46. g4 Rc3 47. Kg3 Rb3 48. Bd2 Rb5 49. Bb4 Kf7 50. Bd2 Rd5 51. Be3 Rb5 52. g5 hxg5 53. hxg5 Be7 54. Kg4 g6 1/2-1/2

[Event "Montreal Mercredi 02"]
[Site "Montreal CAN"]
[Date "2017.02.15"]
[Round "1"]
[White "Jacquet, Stephane"]
[Black "Cardin, Guillaume"]
[Result "0-1"]
[WhiteElo "2129"]
[BlackElo "2000"]
[WhiteFideId "-1"]
[WhiteFideId "-1"]
[PlyCount "70"]
[GameId "2160767908478498"]
[EventDate "2017.02.15"]
[EventType "swiss"]
[EventRounds "5"]
[EventCountry "CAN"]
[SourceTitle "EXT 2022"]
[Source "ChessBase"]
[SourceDate "2021.10.06"]
[SourceVersion "1"]
[SourceVersionDate "2021.10.06"]
[SourceQuality "1"]

1. d4 Nf6 2. Nc3 d5 3. Bg5 h6 4. Bh4 e6 5. e3 Bb4 6. a3 Bxc3+ 7. bxc3 c5 8. Bb5+ Bd7 9. a4 Qa5 10. Bxd7+ Nbxd7 11. Ne2 Rc8 12. f3 cxd4 13. exd4 Nb6 14. Bxf6 gxf6 15. O-O Nc4 16. Qd3 Ke7 17. Rfb1 Qc7 18. Rb4 h5 19. Rab1 b6 20. f4 f5 21. a5 Nxa5 22. Qg3 Rcg8 23. Qh4+ f6 24. h3 Nc4 25. Ng3 Nd2 26. Re1 Kf7 27. Re3 Qc6 28. Rd3 Ne4 29. Nxh5 Rh6 30. Rb1 Rgh8 31. g4 fxg4 32. hxg4 f5 33. Ra1 a5 34. Rh3 fxg4 35. Rh2 Rxh5 0-1

[Event "Montreal Mercredi 02"]
[Site "Montreal CAN"]
[Date "2017.02.15"]
[Round "1"]
[White "Johnson-Constantin, Mathieu"]
[Black "Beaulieu, Pierre"]
[Result "1-0"]
[WhiteElo "1913"]
[BlackElo "1898"]
[WhiteFideId "-1"]
[WhiteFideId "-1"]
[PlyCount "122"]
[GameId "2160767908478499"]
[EventDate "2017.02.15"]
[EventType "swiss"]
[EventRounds "5"]
[EventCountry "CAN"]
[SourceTitle "EXT 2022"]
[Source "ChessBase"]
[SourceDate "2021.10.06"]
[SourceVersion "1"]
[SourceVersionDate "2021.10.06"]
[SourceQuality "1"]

1. e4 g6 2. d4 Bg7 3. Be3 d6 4. Nc3 Nd7 5. Bc4 e6 6. Nge2 a6 7. a4 b6 8. Qd2 h6 9. f3 Bb7 10. Bb3 Qh4+ 11. g3 Qe7 12. O-O-O Ngf6 13. Kb1 c5 14. d5 e5 15. g4 O-O-O 16. h4 Ne8 17. Ng3 Bf6 18. h5 g5 19. Nf5 Qf8 20. Bf2 Kc7 21. Qe2 Ng7 22. Ne3 Rb8 23. Bc4 Qc8 24. Bb5 Kd8 25. Nc4 Qc7 26. Bc6 Ke7 27. Bxb7 Rxb7 28. Ne3 Ra8 29. b3 b5 30. Kb2 c4 31. Ra1 cxb3 32. cxb3 Rc8 33. Rhc1 Nc5 34. axb5 axb5 35. Ned1 Qb8 36. Ra5 Qc7 37. Rxb5 Rxb5 38. Qxb5 Rb8 39. Bxc5 Rxb5 40. Nxb5 Qa5 41. Bxd6+ Ke8 42. Rc8+ Kd7 43. Rc7+ Kd8 44. Ndc3 Ne8 45. Na7 Nxd6 46. Nc6+ Kxc7 47. Nxa5 Nc8 48. Nc4 Bg7 49. Nb5+ Kd7 50. Ka3 f6 51. Ka4 Bf8 52. b4 Be7 53. Nc3 Bd8 54. b5 Kc7 55. Kb3 Kd7 56. Na4 Kc7 57. Kb4 Be7+ 58. Ka5 Kb7 59. b6 Bf8 60. Kb5 Ne7 61. Nc5+ Kb8 1-0

[Event "Montreal Mercredi 02"]
[Site "Montreal CAN"]
[Date "2017.02.15"]
[Round "1"]
[White "O'Neill, Brendon"]
[Black "Autotte, Daniel"]
[Result "0-1"]
[WhiteElo "1772"]
[BlackElo "1760"]
[WhiteFideId "-1"]
[WhiteFideId "-1"]
[PlyCount "84"]
[GameId "2160767908478500"]
[EventDate "2017.02.15"]
[EventType "swiss"]
[EventRounds "5"]
[EventCountry "CAN"]
[SourceTitle "EXT 2022"]
[Source "ChessBase"]
[SourceDate "2021.10.06"]
[SourceVersion "1"]
[SourceVersionDate "2021.10.06"]
[SourceQuality "1"]

1. e4 c6 2. d4 d5 3. Nc3 dxe4 4. Nxe4 Nd7 5. Bg5 Ngf6 6. Nxf6+ Nxf6 7. Bxf6 exf6 8. Nf3 Qb6 9. Rb1 Qa5+ 10. Nd2 Qxa2 11. Bc4 Qa5 12. O-O Bd6 13. Re1+ Kf8 14. Qe2 Bd7 15. Nb3 Qc7 16. Qh5 g6 17. Qh6+ Kg8 18. Nd2 Bf8 19. Qh4 g5 20. Qh5 Bf5 21. Ne4 Kg7 22. Qf3 Bxe4 23. Rxe4 Bd6 24. Qh5 Rae8 25. Rbe1 Rxe4 26. Rxe4 Qd7 27. h4 h6 28. Qe2 a6 29. Bd3 c5 30. dxc5 Bxc5 31. hxg5 hxg5 32. g4 Qd6 33. Qf3 Qh2+ 34. Kf1 Rd8 35. Rc4 Bd4 36. b3 b5 37. Rc6 Rd6 38. Rc7 Re6 39. Rb7 Qe5 40. Qh3 Qe1+ 41. Kg2 Qxf2+ 42. Kh1 Qg1# 0-1

[Event "Montreal Mercredi 02"]
[Site "Montreal CAN"]
[Date "2017.02.15"]
[Round "1"]
[White "Ouellet, Maili-Jade"]
[Black "Langlois-Remillard, Alexis"]
[Result "1/2-1/2"]
[WhiteElo "2142"]
[BlackElo "1999"]
[WhiteFideId "-1"]
[WhiteFideId "-1"]
[PlyCount "119"]
[GameId "2160767908478501"]
[EventDate "2017.02.15"]
[EventType "swiss"]
[EventRounds "5"]
[EventCountry "CAN"]
[SourceTitle "EXT 2022"]
[Source "ChessBase"]
[SourceDate "2021.10.06"]
[SourceVersion "1"]
[SourceVersionDate "2021.10.06"]
[SourceQuality "1"]

1. d4 d5 2. c4 Nc6 3. Nc3 dxc4 4. d5 Ne5 5. f4 Ng6 6. e4 e6 7. Bxc4 Nf6 8. Bb5+ Bd7 9. dxe6 Bxb5 10. exf7+ Ke7 11. Qxd8+ Rxd8 12. Nxb5 Nxe4 13. Be3 c6 14. Nc3 Nxc3 15. bxc3 Kxf7 16. Nf3 Bd6 17. f5 Nf4 18. Ng5+ Kf6 19. Ne4+ Ke5 20. Nxd6 Rxd6 21. O-O Ne2+ 22. Kh1 Ke4 23. Bxa7 Rd2 24. a4 Ra8 25. Bb6 Nxc3 26. Rae1+ Re2 27. Rxe2+ Nxe2 28. Re1 Kd3 29. a5 Kd2 30. Ra1 Nc3 31. Bd4 Rf8 32. g4 Rf7 33. Rf1 h6 34. Kg2 Nd5 35. Kf3 Kd3 36. Rd1+ Kc2 37. Re1 Kd2 38. Re8 Kd3 39. Be5 g6 40. Rh8 gxf5 41. Rxh6 fxg4+ 42. Kxg4 Ne3+ 43. Kh3 Nc4 44. Bf6 Nxa5 45. Kg4 c5 46. Rh3+ Ke4 47. Rf3 Nc6 48. Rf4+ Ke3 49. Rf5 Ke4 50. Rf4+ Kd5 51. h4 Ke6 52. Kg5 Ne7 53. Re4+ Kd6 54. h5 b5 55. h6 Ng8 56. Rf4 Nxh6 57. Kxh6 b4 58. Kg5 Rc7 59. Rf5 Rb7 60. Kf4 1/2-1/2

[Event "Montreal Mercredi 02"]
[Site "Montreal CAN"]
[Date "2017.02.15"]
[Round "1"]
[White "Singher, Jean-Pierre"]
[Black "Saha, Ananda"]
[Result "0-1"]
[WhiteElo "2025"]
[BlackElo "2022"]
[WhiteFideId "-1"]
[WhiteFideId "-1"]
[PlyCount "118"]
[GameId "2160767908478503"]
[EventDate "2017.02.15"]
[EventType "swiss"]
[EventRounds "5"]
[EventCountry "CAN"]
[SourceTitle "EXT 2022"]
[Source "ChessBase"]
[SourceDate "2021.10.06"]
[SourceVersion "1"]
[SourceVersionDate "2021.10.06"]
[SourceQuality "1"]

1. Nf3 d5 2. d4 Nf6 3. g3 c6 4. Bg2 Bf5 5. Nbd2 Nbd7 6. c4 e6 7. O-O Bd6 8. Re1 O-O 9. Nh4 Re8 10. cxd5 cxd5 11. Nxf5 exf5 12. Qb3 Nb6 13. a4 a5 14. Qd3 g6 15. Nb1 Qd7 16. b3 Rac8 17. Bd2 Ra8 18. Nc3 Ne4 19. Rec1 Bb4 20. Be1 Rac8 21. f3 Nxc3 22. Bxc3 Bxc3 23. Rxc3 Rxc3 24. Qxc3 Qe6 25. e4 dxe4 26. fxe4 fxe4 27. Re1 Qd5 28. Qc5 Qxc5 29. dxc5 Nd7 30. Rxe4 Rxe4 31. Bxe4 Nxc5 32. Bd5 Kf8 33. Kf2 Ke7 34. Ke3 f6 35. Kd4 Kd6 36. Bg8 h6 37. h3 b6 38. h4 g5 39. hxg5 fxg5 40. g4 Nd7 41. Bc4 Nf6 42. Be2 Nd5 43. Bf3 Nf4 44. Kc4 Ng6 45. Kb5 Kc7 46. b4 axb4 47. Kxb4 Ne5 48. Bd1 Nd3+ 49. Kb5 Nf4 50. a5 bxa5 51. Kxa5 Kd6 52. Kb4 Ke5 53. Kc3 Nh3 54. Kd2 Nf2 55. Bf3 Kf4 56. Ke2 Nxg4 57. Bb7 h5 58. Kf1 Kg3 59. Kg1 h4 0-1

[Event "Montreal Mercredi 02"]
[Site "Montreal CAN"]
[Date "2017.02.15"]
[Round "1"]
[White "Soudre, Nicolas"]
[Black "Beaulieu, Eric"]
[Result "0-1"]
[WhiteElo "2225"]
[BlackElo "2206"]
[WhiteFideId "-1"]
[WhiteFideId "-1"]
[PlyCount "120"]
[GameId "2160767908478504"]
[EventDate "2017.02.15"]
[EventType "swiss"]
[EventRounds "5"]
[EventCountry "CAN"]
[SourceTitle "EXT 2022"]
[Source "ChessBase"]
[SourceDate "2021.10.06"]
[SourceVersion "1"]
[SourceVersionDate "2021.10.06"]
[SourceQuality "1"]

1. e4 c5 2. Nc3 a6 3. f4 e6 4. Nf3 b5 5. d3 Bb7 6. g3 d5 7. e5 Ne7 8. Bg2 Nf5 9. O-O h5 10. Ne2 Nc6 11. c3 a5 12. h3 b4 13. Qc2 Rc8 14. Bd2 Ba6 15. Kh2 g6 16. c4 Be7 17. b3 Kf8 18. Rad1 d4 19. Nfg1 Qc7 20. Be4 Ke8 21. Nf3 Kd7 22. Kg2 Bb7 23. Rh1 Rcg8 24. Rdg1 g5 25. Kf2 g4 26. hxg4 hxg4 27. Ne1 f6 28. exf6 Bxf6 29. Ng2 Nce7 30. Qb1 Bc6 31. Rxh8 Rxh8 32. Rh1 Rh3 33. Rxh3 gxh3 34. Ne1 Nh6 35. Nf3 Ng4+ 36. Kg1 Qb7 37. Nh2 Nh6 38. Kf2 Nef5 39. Qh1 Bxe4 40. Qxe4 Qxe4 41. dxe4 d3 42. exf5 dxe2 43. fxe6+ Kxe6 44. Kxe2 Nf5 45. Kf3 Bc3 46. Be3 Bd4 47. Bxd4 Nxd4+ 48. Ke4 Ne2 49. g4 Nc3+ 50. Kf3 Nxa2 51. Ke2 Nc3+ 52. Kd3 a4 53. bxa4 Nxa4 54. Kc2 Nc3 55. Nf3 Kf6 56. Kd3 Nd1 57. Ke4 Nf2+ 58. Ke3 Nxg4+ 59. Ke4 h2 60. Nxh2 Nxh2 0-1

[Event "Montreal Mercredi 02"]
[Site "Montreal CAN"]
[Date "2017.02.15"]
[Round "1"]
[White "Zheng, Richard"]
[Black "Lessard, Sylvain"]
[Result "1/2-1/2"]
[WhiteElo "1795"]
[BlackElo "1732"]
[WhiteFideId "-1"]
[WhiteFideId "-1"]
[PlyCount "103"]
[GameId "2160767908478505"]
[EventDate "2017.02.15"]
[EventType "swiss"]
[EventRounds "5"]
[EventCountry "CAN"]
[SourceTitle "EXT 2022"]
[Source "ChessBase"]
[SourceDate "2021.10.06"]
[SourceVersion "1"]
[SourceVersionDate "2021.10.06"]
[SourceQuality "1"]

1. e4 Nf6 2. Nc3 d5 3. e5 Nfd7 4. d4 e6 5. Be3 c5 6. f4 Nc6 7. Nf3 Be7 8. Be2 a6 9. a4 b6 10. O-O Bb7 11. Qd2 cxd4 12. Nxd4 Nxd4 13. Bxd4 Bc5 14. Rf3 Qc7 15. Rg3 g6 16. Rd1 Bxd4+ 17. Qxd4 Qc5 18. Kf2 Rc8 19. b4 Qxd4+ 20. Rxd4 Ke7 21. Ke1 Rc7 22. Kd2 Rhc8 23. Re3 Nb8 24. b5 a5 25. g4 Nd7 26. g5 Rh8 27. Rh3 Kf8 28. Nd1 Nc5 29. c4 Kg7 30. cxd5 Bxd5 31. Bc4 Bxc4 32. Rxc4 Rd8+ 33. Ke2 Rcd7 34. Nf2 Rd4 35. Rxd4 Rxd4 36. Ng4 Nd7 37. Nf6 Nxf6 38. exf6+ Kg8 39. Rc3 h6 40. Ke3 Rxa4 41. Rc8+ Kh7 42. Rf8 hxg5 43. fxg5 Rg4 44. Rxf7+ Kg8 45. Rg7+ Kf8 46. Rxg6 a4 47. h3 a3 48. Rg7 a2 49. Ra7 Rxg5 50. Rxa2 Kf7 51. Rb2 Kxf6 52. Kf4 1/2-1/2

[Event "Montreal Mercredi 02"]
[Site "Montreal CAN"]
[Date "2017.02.15"]
[Round "1"]
[White "Zumsteg, Nicolas"]
[Black "Barko, Maxim"]
[Result "0-1"]
[WhiteElo "1910"]
[BlackElo "1903"]
[WhiteFideId "-1"]
[WhiteFideId "-1"]
[PlyCount "116"]
[GameId "2160767908478506"]
[EventDate "2017.02.15"]
[EventType "swiss"]
[EventRounds "5"]
[EventCountry "CAN"]
[SourceTitle "EXT 2022"]
[Source "ChessBase"]
[SourceDate "2021.10.06"]
[SourceVersion "1"]
[SourceVersionDate "2021.10.06"]
[SourceQuality "1"]

1. e4 c5 2. Ne2 Nc6 3. Nbc3 d6 4. g3 g6 5. Bg2 Bg7 6. O-O Rb8 7. d3 b5 8. Nd5 e6 9. Ne3 Nge7 10. c3 e5 11. f4 O-O 12. f5 f6 13. fxg6 hxg6 14. g4 Bh6 15. Ng3 Be6 16. h4 Qd7 17. Bh3 Bf4 18. Qf3 d5 19. Ng2 Bxc1 20. Raxc1 d4 21. a3 c4 22. Ne1 Nc8 23. h5 g5 24. Nf5 Nb6 25. Bg2 Na4 26. Rc2 Nc5 27. Kf2 cxd3 28. Nxd3 Nxd3+ 29. Qxd3 Bc4 30. Qd1 Bb3 31. Qd2 Bxc2 32. Qxc2 Rbc8 33. Rd1 Na5 34. Qd3 Nc4 35. cxd4 exd4 36. Qh3 Qc7 37. Rxd4 Qf4+ 38. Qf3 Qxf3+ 39. Bxf3 Rc7 40. Be2 a6 41. a4 Ne5 42. axb5 axb5 43. Bd1 Rd7 44. Bb3+ Kh7 45. Bd5 Nxg4+ 46. Kg3 Ne5 47. Rb4 Rb8 48. Nd4 Nd3 49. Rb3 Nf4 50. Kg4 Nxd5 51. exd5 Rxd5 52. Nf5 Re8 53. Rf3 Re4+ 54. Kg3 Ree5 55. Kg4 Rxf5 56. Rxf5 Rxf5 57. Kxf5 Kh6 58. Kxf6 g4 0-1

[Event "Montreal Mercredi 02"]
[Site "Montreal CAN"]
[Date "2017.02.22"]
[Round "2"]
[White "Baran, Marius"]
[Black "Zheng, Richard"]
[Result "0-1"]
[WhiteElo "1803"]
[BlackElo "1795"]
[WhiteFideId "-1"]
[WhiteFideId "-1"]
[PlyCount "92"]
[GameId "2160767908478507"]
[EventDate "2017.02.15"]
[EventType "swiss"]
[EventRounds "5"]
[EventCountry "CAN"]
[SourceTitle "EXT 2022"]
[Source "ChessBase"]
[SourceDate "2021.10.06"]
[SourceVersion "1"]
[SourceVersionDate "2021.10.06"]
[SourceQuality "1"]

1. e4 e5 2. Nf3 Nc6 3. d4 exd4 4. Bc4 Nf6 5. e5 d5 6. Bb5 Ne4 7. Nxd4 Bd7 8. Bxc6 bxc6 9. O-O Bc5 10. f3 Ng5 11. Be3 Ne6 12. f4 Nxd4 13. Bxd4 Bxd4+ 14. Qxd4 O-O 15. Nd2 Bf5 16. c3 Qe7 17. b4 a5 18. a3 a4 19. Rae1 Rfe8 20. Nf3 Rad8 21. h3 h5 22. Kh2 Be4 23. Ng5 Bf5 24. Qd1 f6 25. exf6 Qxf6 26. Qxh5 Bg6 27. Qf3 Rxe1 28. Rxe1 Rf8 29. Re6 Qf5 30. g4 Qxg5 31. fxg5 Rxf3 32. Rxg6 Rxc3 33. Re6 Kf7 34. Re2 d4 35. Rd2 d3 36. Kg3 Rxa3 37. Kf3 Rb3 38. Ke3 Kg6 39. Ra2 a3 40. Ra1 Kxg5 41. Kd2 Kh4 42. Ke3 Kxh3 43. g5 Kg4 44. g6 Kf5 45. Rg1 a2 46. Ra1 Ra3 0-1

[Event "Montreal Mercredi 02"]
[Site "Montreal CAN"]
[Date "2017.02.22"]
[Round "2"]
[White "Beaulieu, Pierre"]
[Black "Zumsteg, Nicolas"]
[Result "1-0"]
[WhiteElo "1898"]
[BlackElo "1910"]
[WhiteFideId "-1"]
[WhiteFideId "-1"]
[PlyCount "55"]
[GameId "2160767908478509"]
[EventDate "2017.02.15"]
[EventType "swiss"]
[EventRounds "5"]
[EventCountry "CAN"]
[SourceTitle "EXT 2022"]
[Source "ChessBase"]
[SourceDate "2021.10.06"]
[SourceVersion "1"]
[SourceVersionDate "2021.10.06"]
[SourceQuality "1"]

1. Nf3 Nf6 2. d4 g6 3. e3 Bg7 4. Bd3 O-O 5. b3 c5 6. Bb2 Nc6 7. Nbd2 b6 8. O-O Bb7 9. a3 d6 10. Re1 Qc7 11. Rc1 e6 12. c4 Rac8 13. Qc2 Ne7 14. e4 cxd4 15. Nxd4 d5 16. exd5 exd5 17. Nb5 Qd7 18. Nxa7 Rcd8 19. c5 bxc5 20. Bb5 Qc7 21. Be5 Qa5 22. Qxc5 Ra8 23. Bc3 Qd8 24. Qxe7 Qb6 25. Bb4 Qxa7 26. Rc7 Rfe8 27. Qxf7+ Kh8 28. Qxg7# 1-0

[Event "Montreal Mercredi 02"]
[Site "Montreal CAN"]
[Date "2017.02.22"]
[Round "2"]
[White "Cardin, Guillaume"]
[Black "Singher, Jean-Pierre"]
[Result "1-0"]
[WhiteElo "2000"]
[BlackElo "2025"]
[WhiteFideId "-1"]
[WhiteFideId "-1"]
[PlyCount "97"]
[GameId "2160767908478510"]
[EventDate "2017.02.15"]
[EventType "swiss"]
[EventRounds "5"]
[EventCountry "CAN"]
[SourceTitle "EXT 2022"]
[Source "ChessBase"]
[SourceDate "2021.10.06"]
[SourceVersion "1"]
[SourceVersionDate "2021.10.06"]
[SourceQuality "1"]

1. d4 Nf6 2. c4 e6 3. Nf3 c5 4. d5 exd5 5. cxd5 d6 6. Nc3 g6 7. Bf4 a6 8. a4 Bg7 9. h3 O-O 10. e3 Re8 11. Nd2 Nh5 12. Bh2 Nd7 13. Be2 Ne5 14. O-O Nf6 15. Qc2 b6 16. b3 Re7 17. Rab1 Ne8 18. Nc4 Bf5 19. e4 Nxc4 20. bxc4 Bxc3 21. exf5 Bd4 22. fxg6 hxg6 23. Bd3 Rb8 24. Rfe1 Nc7 25. Bg3 Kg7 26. Re2 b5 27. axb5 axb5 28. cxb5 Nxd5 29. Rbe1 Rxe2 30. Qxe2 Qf6 31. Bc4 Nf4 32. Qe7 Be5 33. Qxf6+ Kxf6 34. Bxf4 Bxf4 35. g3 Be5 36. Re2 Ra8 37. Ra2 Rxa2 38. Bxa2 Bc3 39. b6 Ba5 40. b7 Bc7 41. f4 g5 42. fxg5+ Kxg5 43. Bxf7 d5 44. g4 d4 45. Bc4 Kf4 46. Kf2 Ke4 47. Ke2 d3+ 48. Bxd3+ Kd5 49. g5 1-0

[Event "Montreal Mercredi 02"]
[Site "Montreal CAN"]
[Date "2017.02.22"]
[Round "2"]
[White "Have, Didier"]
[Black "Johnson-Constantin, Mathieu"]
[Result "0-1"]
[WhiteElo "1964"]
[BlackElo "1913"]
[WhiteFideId "-1"]
[WhiteFideId "-1"]
[PlyCount "144"]
[GameId "2160767908478511"]
[EventDate "2017.02.15"]
[EventType "swiss"]
[EventRounds "5"]
[EventCountry "CAN"]
[SourceTitle "EXT 2022"]
[Source "ChessBase"]
[SourceDate "2021.10.06"]
[SourceVersion "1"]
[SourceVersionDate "2021.10.06"]
[SourceQuality "1"]

1. d4 f5 2. f3 Nf6 3. Nc3 d6 4. e4 g6 5. Bg5 Bg7 6. Bc4 Nc6 7. a3 h6 8. Be3 fxe4 9. fxe4 Ng4 10. Qd2 Nxe3 11. Qxe3 Bxd4 12. Qg3 Ne5 13. Nf3 Bxc3+ 14. bxc3 Nxc4 15. Qxg6+ Kd7 16. Qf5+ e6 17. Qb5+ c6 18. Qxc4 Qa5 19. Rd1 Rg8 20. O-O Ke7 21. e5 Qc5+ 22. Qxc5 dxc5 23. Rd6 Bd7 24. Rfd1 Rad8 25. h4 Bc8 26. Kf2 Rdf8 27. R1d2 Rg4 28. Kf1 Rxh4 29. Kg1 Ra4 30. Kh2 Rxa3 31. Nh4 Rg8 32. R2d3 Ra4 33. Kh3 Re4 34. Nf3 Re2 35. g4 Re4 36. Kh4 Rexg4+ 37. Kh5 Rg3 38. Nh4 Rxd3 39. Rxd3 Bd7 40. Ng6+ Kd8 41. c4 Kc7 42. Kxh6 b5 43. Ra3 Kb6 44. Rd3 Kc7 45. Ra3 Ra8 46. cxb5 cxb5 47. Ra6 Bc8 48. Ra3 a5 49. Nf4 b4 50. Ra1 a4 51. Nd3 Kc6 52. Kg5 Kb5 53. Kf4 c4 54. Nc1 Bb7 55. Ke3 Kc5 56. Rb1 a3 57. Na2 Ra4 58. Kd2 Bd5 59. Nxb4 Rxb4 60. Ra1 Ra4 61. Kc3 a2 62. Kb2 Kd4 63. c3+ Kxe5 64. Re1+ Kf4 65. Ka1 e5 66. Rf1+ Bf3 67. Re1 e4 68. Rf1 e3 69. Re1 e2 70. Rc1 Ke3 71. Re1 Kf2 72. Rc1 e1=Q 0-1

[Event "Montreal Mercredi 02"]
[Site "Montreal CAN"]
[Date "2017.02.22"]
[Round "2"]
[White "Huang, Qiuyu"]
[Black "Soudre, Nicolas"]
[Result "1-0"]
[WhiteElo "2190"]
[BlackElo "2225"]
[WhiteFideId "-1"]
[WhiteFideId "-1"]
[PlyCount "63"]
[GameId "2160767908478512"]
[EventDate "2017.02.15"]
[EventType "swiss"]
[EventRounds "5"]
[EventCountry "CAN"]
[SourceTitle "EXT 2022"]
[Source "ChessBase"]
[SourceDate "2021.10.06"]
[SourceVersion "1"]
[SourceVersionDate "2021.10.06"]
[SourceQuality "1"]

1. e4 e6 2. Nf3 d5 3. e5 c5 4. b4 cxb4 5. a3 Nc6 6. axb4 Bxb4 7. c3 Be7 8. d4 Bd7 9. Bd3 f5 10. O-O Na5 11. Re1 Nh6 12. Bxh6 gxh6 13. Bxf5 exf5 14. e6 Bc6 15. Ne5 Qb6 16. Qh5+ Kd8 17. Nf7+ Kc7 18. Nd2 Qb2 19. Qxh6 Qxc3 20. Qf4+ Kb6 21. Rec1 Qd3 22. Rcb1+ Ka6 23. Ne5 Qc2 24. Nb3 b6 25. Nxa5 bxa5 26. Rc1 Qb2 27. Nxc6 Bd8 28. Qd6 Bb6 29. Nxa5 Rhd8 30. Qc6 Qxc1+ 31. Qxc1 Rac8 32. Qf1+ 1-0

[Event "Montreal Mercredi 02"]
[Site "Montreal CAN"]
[Date "2017.02.22"]
[Round "2"]
[White "Jean, Robert"]
[Black "Barko, Maxim"]
[Result "1-0"]
[WhiteElo "1851"]
[BlackElo "1903"]
[WhiteFideId "-1"]
[WhiteFideId "-1"]
[PlyCount "93"]
[GameId "2160767908478513"]
[EventDate "2017.02.15"]
[EventType "swiss"]
[EventRounds "5"]
[EventCountry "CAN"]
[SourceTitle "EXT 2022"]
[Source "ChessBase"]
[SourceDate "2021.10.06"]
[SourceVersion "1"]
[SourceVersionDate "2021.10.06"]
[SourceQuality "1"]

1. d4 e6 2. c4 b6 3. e4 Bb7 4. Bd3 Bb4+ 5. Nc3 f5 6. Qe2 Nf6 7. Bg5 h6 8. Bxf6 Qxf6 9. Nf3 Nc6 10. e5 Qg6 11. O-O-O Qg4 12. d5 Na5 13. Kc2 Bxc3 14. h3 Qg6 15. Kxc3 exd5 16. Nd4 O-O-O 17. Bxf5 Qg5 18. h4 Qe7 19. e6 d6 20. cxd5 Bxd5 21. b3 Nc6 22. Nxc6 Bxc6 23. Bh3 d5 24. Kb2 Kb8 25. Rc1 Bb7 26. Qe5 Rhf8 27. f3 d4 28. Rhd1 Rd5 29. Qe1 Ra5 30. a4 Rd8 31. Rc4 Rad5 32. f4 d3 33. Rd2 Ba6 34. Rc3 g6 35. g3 Ra5 36. Bg2 Bb7 37. Bxb7 Kxb7 38. Qe4+ Kb8 39. Rcxd3 Rxd3 40. Rxd3 Qf6+ 41. Ka2 Rc5 42. e7 Rc2+ 43. Ka3 Qb2+ 44. Kb4 a5+ 45. Kb5 Ka7 46. Qa8+ Kxa8 47. Ka6 1-0

[Event "Montreal Mercredi 02"]
[Site "Montreal CAN"]
[Date "2017.02.22"]
[Round "2"]
[White "Khudaverdian, Berj"]
[Black "Autotte, Daniel"]
[Result "1-0"]
[WhiteElo "1719"]
[BlackElo "1760"]
[WhiteFideId "-1"]
[WhiteFideId "-1"]
[PlyCount "122"]
[GameId "2160767908478514"]
[EventDate "2017.02.15"]
[EventType "swiss"]
[EventRounds "5"]
[EventCountry "CAN"]
[SourceTitle "EXT 2022"]
[Source "ChessBase"]
[SourceDate "2021.10.06"]
[SourceVersion "1"]
[SourceVersionDate "2021.10.06"]
[SourceQuality "1"]

1. e4 c6 2. Nf3 d5 3. e5 Bf5 4. d4 e6 5. Bd3 Bxd3 6. Qxd3 Nd7 7. O-O Ne7 8. Bg5 h6 9. Bh4 c5 10. c3 g5 11. Bg3 cxd4 12. Nxd4 Qb6 13. Nd2 Rc8 14. b4 Ng6 15. Rfe1 Bg7 16. N2b3 Ngxe5 17. Bxe5 Nxe5 18. Qg3 Ng6 19. Nc5 Bxd4 20. cxd4 Qc7 21. Qg4 Qf4 22. Rxe6+ fxe6 23. Qxe6+ Ne7 24. Qd7+ Kf7 25. Qe6+ Kg7 26. Qxe7+ Qf7 27. Qe5+ Kh7 28. Rf1 Rhe8 29. Qd6 Rc6 30. Qg3 Qg7 31. Qd3+ Kh8 32. b5 Rf6 33. Qb3 Rf4 34. Qxd5 Rxd4 35. Qb3 Rd6 36. h3 b6 37. Nd3 Red8 38. Nb4 Rd2 39. Nc6 Re8 40. a4 Rde2 41. Qg3 Re1 42. Rxe1 Rxe1+ 43. Kh2 Re4 44. Qb8+ Kh7 45. Nxa7 Rxa4 46. Nc6 Qf7 47. Qxb6 Ra2 48. Qe3 Qf4+ 49. Qxf4 gxf4 50. Kg1 Ra1+ 51. Kh2 Rb1 52. Nd4 Kg6 53. g3 Rb4 54. Ne2 fxg3+ 55. Nxg3 Rxb5 56. h4 Rb4 57. Kh3 h5 58. f3 Rf4 59. Kg2 Rxh4 60. Ne4 Rf4 61. Kg3 h4+ 1-0

[Event "Montreal Mercredi 02"]
[Site "Montreal CAN"]
[Date "2017.02.22"]
[Round "2"]
[White "Langlois-Remillard, Alexis"]
[Black "Saha, Ananda"]
[Result "0-1"]
[WhiteElo "1999"]
[BlackElo "2022"]
[WhiteFideId "-1"]
[WhiteFideId "-1"]
[PlyCount "92"]
[GameId "2160767908478515"]
[EventDate "2017.02.15"]
[EventType "swiss"]
[EventRounds "5"]
[EventCountry "CAN"]
[SourceTitle "EXT 2022"]
[Source "ChessBase"]
[SourceDate "2021.10.06"]
[SourceVersion "1"]
[SourceVersionDate "2021.10.06"]
[SourceQuality "1"]

1. b3 d5 2. Bb2 Nf6 3. e3 Bf5 4. Nf3 h6 5. c4 e6 6. Be2 Be7 7. O-O O-O 8. d4 Nbd7 9. cxd5 exd5 10. Nc3 c6 11. Rc1 Re8 12. Re1 Ne4 13. Nxe4 Bxe4 14. Nd2 Bh7 15. a3 a5 16. Nf1 Bd6 17. Bd3 Bxd3 18. Qxd3 Qe7 19. a4 Nf6 20. Ng3 Ng4 21. Qf5 Qh4 22. h3 Nxf2 23. Nh5 Ne4 24. Rf1 Re7 25. Rc2 Ng3 26. Nxg3 Qxg3 27. Rf3 Qe1+ 28. Rf1 Qxe3+ 29. Qf2 Qxb3 30. Rc3 Qxa4 31. Rf3 Rf8 32. Bc1 Qc4 33. Bxh6 gxh6 34. Qh4 Re6 35. Rf6 Rxf6 36. Qxf6 Bg3 37. Qxh6 Qxd4+ 38. Kh1 Qg7 39. Qe3 f5 40. Qe6+ Kh8 41. Qe2 f4 42. Qh5+ Kg8 43. Rd1 a4 44. Rxd5 cxd5 45. Qxd5+ Rf7 46. Qd8+ Kh7 0-1